| 000 | 00485nam a22001697a 4500 | ||
|---|---|---|---|
| 005 | 20180726145628.0 | ||
| 008 | 160517b xxu||||| |||| 00| 0 eng d | ||
| 020 | _a978-0-07-060394-3 | ||
| 041 | _aeng | ||
| 082 |
_b2514 _a658.406 |
||
| 100 |
_aWendell ,French L and others _94635 |
||
| 245 | _aOrganization Development and Transfermation:manegement effective change | ||
| 260 |
_aNew Delhi _bTata McGraw Hill Ltd. _c2010 |
||
| 300 | _a493p, | ||
| 650 |
_aManagement _9241 |
||
| 942 | _cBK | ||
| 999 |
_c918 _d918 |
||